00338nam a2200133Ia 4500008004100000020001800041082001600059100002300075245005400098250000800152260002800160300000800188650000800196191201s2010 xx 000 0 und d a9788131725283 a005.43bSTO aSTALLINGS, William 0aOperating Systems Internals and Design Principles a6th aN. DelhibPearsonc2010 a822 aMCA